Piłkarze Górnika Zabrze - nagła śmierć - Statystyki

Ogólne statystyki
  • Ten quiz został rozwiązany 372 razy
  • Średni wynik to 7 z 25
Answers on the Grid
Answers color-coded by a green-red scale on the quiz's grid according to % correct below.
Ernest Pohl
Włodzimierz Lubański
Hubert Kostka
Michał Probierz
Tomasz Hajto
Tomasz Wałdoch
Robert Warzycha
Igor Angulo
Andrzej Szarmach
Andrzej Iwan
Józef Wandzik
Jan Urban
Ryszard Komornicki
Jan Banaś
Andrzej Pałasz
Waldemar Matysik
Jerzy Gorgoń
Zygfryd Szołtysik
Stanisław Oślizło
Lukas Podolski
Gerard Cieślik
Kazimierz Deyna
Jan Tomaszewski
Mirosław Szymkowiak
Michał Żewłakow
Jacek Bąk
Piotr Nowak
Tomas Pekhart
Grzegorz Lato
Andrzej Rudy
Józef Młynarczyk
Zbigniew Boniek
Leszek Pisz
Robert Gadocha
Marek Leśniak
Andrzej Buncol
Antoni Szymanowski
Lucjan Brychczy
Władysław Żmuda
Miroslav Klose
Arkadiusz Milik
Krzysztof Piątek
Rafał Kurzawa
Tomasz Jodłowiec
Jerzy Brzęczek
Piotr Świerczewski
Zygmunt Anczok
Zygmunt Maszczyk
Roman Lentner
Jan Liberda
 
Statystyki odpowiedzi
Odpowiedź % Poprawnych
Lukas Podolski
55%
Arkadiusz Milik
48%
Jan Urban
44%
Ernest Pohl
43%
Tomasz Hajto
42%
Igor Angulo
40%
Rafał Kurzawa
37%
Włodzimierz Lubański
34%
Michał Probierz
27%
Andrzej Iwan
25%
Jerzy Brzęczek
25%
Stanisław Oślizło
25%
Zygfryd Szołtysik
25%
Tomasz Wałdoch
23%
Jerzy Gorgoń
22%
Hubert Kostka
21%
Jan Banaś
19%
Józef Wandzik
17%
Andrzej Szarmach
15%
Ryszard Komornicki
13%
Waldemar Matysik
13%
Robert Warzycha
11%
Zygmunt Anczok
11%
Andrzej Pałasz
10%
Roman Lentner
10%
Nie znaleziono quizów pasujących do podanych kryteriów
Rozkład punktacji
Procent ludzi z każdym wynikiem
Percentyl według liczby udzielonych odpowiedzi
Twoja historia wyników
Nie rozwiązałeś tego quizu